[Event "CP-2008-Q-00010"]
[Site "LSS email"]
[Date "2010.01.10"]
[Round "?"]
[White "Hellbing, Bernd"]
[Black "Krupa, Bartlomiej"]
[Result "1/2-1/2"]
[WhiteElo "2379"]
[BlackElo "2136"]
[PlyCount "64"]
[EventDate "2010.01.15"]
[EventType "tourn (corr)"]
[EventRounds "6"]
[EventCountry "GER"]
[SourceTitle "Telechess CBM 141"]
[Source "ChessBase"]
[SourceDate "2011.03.17"]
[SourceVersion "1"]
[SourceVersionDate "2011.03.17"]
[SourceQuality "1"]

1. c4 e5 2. g3 Nc6 3. Bg2 f5 4. Nc3 Nf6 5. e3 d5 6. Nxd5 Nxd5 7. cxd5 Nb4 8. d3 Nxd5 9. Nf3 Bd6 10. 0-0 Nf6 11. b3 0-0 12. Bb2 Qe7 13. Qc2 c6 14. e4 fxe4 15. dxe4 Bg4 16. Nh4 Ba3 17. Qc4+ Kh8 18. Nf5 Bxf5 19. Bxa3 Qxa3 20. exf5 Rad8 21. Rad1 h6 22. Qe2 Qa5 23. Qe1 Qxa2 24. Qb4 Qa6 25. Rfe1 Qb6 26. Qxb6 axb6 27. Rxd8 Rxd8 28. Rxe5 Rd1+ 29. Bf1 Kg8 30. Kg2 Kf8 31. Re3 b5 32. Rd3 Rxd3 1/2-1/2

[Event "LSS CP-2009-P-00025"]
[Site "LSS email"]
[Date "2009.09.27"]
[Round "?"]
[White "Hellbing, Bernd"]
[Black "Nita, Catalin"]
[Result "1/2-1/2"]
[WhiteElo "2388"]
[BlackElo "1434"]
[PlyCount "90"]
[EventDate "2009.10.01"]
[EventType "tourn (corr)"]
[EventRounds "6"]
[EventCountry "GER"]
[SourceTitle "Telechess CBM 141"]
[Source "ChessBase"]
[SourceDate "2011.03.17"]
[SourceVersion "1"]
[SourceVersionDate "2011.03.17"]
[SourceQuality "1"]

1. c4 e5 2. g3 Nf6 3. Bg2 d5 4. cxd5 Nxd5 5. Nc3 Nb6 6. d3 Be7 7. Be3 0-0 8. Qc1 Re8 9. Nf3 Nc6 10. 0-0 Bg4 11. Rd1 Qc8 12. d4 Bxf3 13. Bxf3 Nxd4 14. Bxd4 exd4 15. Rxd4 Bf6 16. Rd2 Nc4 17. Rc2 Ne5 18. Nd5 Nxf3+ 19. exf3 Qf5 20. Nxf6+ Qxf6 21. Rxc7 Qxf3 22. Qc3 Qxc3 23. bxc3 b6 24. Rd1 Rec8 25. Rb7 Rcb8 26. Rdd7 Rxb7 27. Rxb7 g6 28. Rc7 a6 29. Rc6 b5 30. Kf1 Kg7 31. Ke2 Re8+ 32. Kd3 Rd8+ 33. Kc2 Re8 34. Rxa6 Re2+ 35. Kb3 Rxf2 36. Ra5 Rxh2 37. Rxb5 Rg2 38. a4 Rxg3 39. a5 Rg1 40. Rb4 h5 41. a6 Ra1 42. Ra4 Rb1+ 43. Kc4 Rb8 44. a7 Ra8 45. Kd5 h4 1/2-1/2

[Event "LSS CP-2009-P-00025"]
[Site "LSS email"]
[Date "2009.09.27"]
[Round "?"]
[White "Stolz, Stephan"]
[Black "Hellbing, Bernd"]
[Result "1/2-1/2"]
[WhiteElo "2236"]
[BlackElo "2424"]
[PlyCount "57"]
[EventDate "2009.10.01"]
[EventType "tourn (corr)"]
[EventRounds "6"]
[EventCountry "GER"]
[SourceTitle "Corr 2013"]
[Source "ChessBase"]
[SourceDate "2012.11.12"]
[SourceVersion "1"]
[SourceVersionDate "2012.11.12"]
[SourceQuality "1"]
[WhiteTeam "US of America"]
[BlackTeam "US of America"]
[WhiteTeamCountry "USA"]
[BlackTeamCountry "USA"]

1. e4 c5 2. Nf3 d6 3. Bb5+ Bd7 4. Bxd7+ Qxd7 5. 0-0 Nc6 6. d3 e6 7. h3 Nf6 8. Bf4 Be7 9. Nbd2 0-0 10. a4 d5 11. Re1 Rfd8 12. Ne5 Nxe5 13. Bxe5 Rac8 14. Qf3 dxe4 15. Nxe4 Nd5 16. c4 Nc7 17. Qg3 Ne8 18. Re3 Rc6 19. Rae1 Ra6 20. b3 f6 21. Bc3 h6 22. f4 f5 23. Nd2 Bf6 24. Bxf6 Nxf6 25. Nf3 Rb6 26. a5 Ra6 27. R1e2 Qf7 28. Qe1 Rdd6 29. Ne5 1/2-1/2

[Event "LSS CP-2009-P-00025"]
[Site "LSS email"]
[Date "2009.09.27"]
[Round "?"]
[White "Wellen, Loyd"]
[Black "Hellbing, Bernd"]
[Result "1/2-1/2"]
[WhiteElo "2005"]
[BlackElo "2399"]
[PlyCount "77"]
[EventDate "2009.10.01"]
[EventType "tourn (corr)"]
[EventRounds "6"]
[EventCountry "GER"]
[SourceTitle "Telechess CBM 141"]
[Source "ChessBase"]
[SourceDate "2011.03.17"]
[SourceVersion "1"]
[SourceVersionDate "2011.03.17"]
[SourceQuality "1"]

1. e4 c5 2. Nc3 Nc6 3. Bb5 Nd4 4. Ba4 Qa5 5. Nf3 b5 6. Nxd4 cxd4 7. Nxb5 a6 8. b4 Qxa4 9. Nc7+ Kd8 10. Nxa8 Bb7 11. Nb6 Qc6 12. c4 Qxb6 13. d3 f5 14. f3 Qxb4+ 15. Bd2 Qd6 16. Rb1 Bc6 17. 0-0 Ke8 18. Rb6 Kf7 19. Rxa6 f4 20. Qb3 e5 21. Rb6 Qe6 22. Rb8 Bd6 23. Rd8 Be7 24. Rb8 Bd6 25. Rc8 h5 26. Bb4 Rh6 27. Bxd6 Qxd6 28. Ra1 Qc5 29. a4 Ne7 30. Rb8 Qa5 31. Qb4 Qxb4 32. Rxb4 Rh8 33. a5 Ke6 34. c5 d6 35. cxd6 Kxd6 36. a6 Ra8 37. Kf2 Ra7 38. Ra5 Ng6 39. Rb8 1/2-1/2

[Event "LSS CP-2009-P-00025"]
[Site "LSS email"]
[Date "2009.09.27"]
[Round "?"]
[White "Zakharov, Oleg Yu"]
[Black "Hellbing, Bernd"]
[Result "1/2-1/2"]
[WhiteElo "2133"]
[BlackElo "2504"]
[PlyCount "79"]
[EventDate "2009.10.01"]
[EventType "tourn (corr)"]
[EventRounds "6"]
[EventCountry "GER"]
[SourceTitle "Corr 2022"]
[Source "ChessBase"]
[SourceDate "2021.10.24"]
[SourceVersion "1"]
[SourceVersionDate "2021.10.24"]
[SourceQuality "1"]

1. e4 c5 2. Nf3 d6 3. d4 cxd4 4. Nxd4 Nf6 5. Nc3 a6 6. Bg5 e6 7. f4 Qc7 8. Bxf6 gxf6 9. Qf3 Nc6 10. Nxc6 bxc6 11. Bc4 d5 12. exd5 cxd5 13. Bxd5 exd5 14. Nxd5 Qa5+ 15. c3 Be6 16. Nxf6+ Ke7 17. Qxa8 Kxf6 18. Rd1 Rg8 19. Qd8+ Qxd8 20. Rxd8 Ke7 21. Rd2 Bxa2 22. Kf2 Kf6 23. Kf3 Be6 24. g3 Be7 25. Ra1 Bg4+ 26. Kg2 Bc8 27. Ra5 Kg7 28. Kf3 h6 29. b4 Bb7+ 30. Kf2 Bc8 31. Rdd5 Re8 32. Re5 Kf8 33. Ke2 Bb7 34. Re3 Rd8 35. Rh5 Rd6 36. Rd3 Rg6 37. Re5 Bd6 38. Ra5 Bc7 39. Rh5 Kg7 40. Kd2 1/2-1/2

[Event "LSS WC-2010-T-00006"]
[Site "LSS email"]
[Date "2009.06.12"]
[Round "?"]
[White "Kireev, Sergey Ivanovich"]
[Black "Hellbing, Bernd"]
[Result "1-0"]
[WhiteElo "2302"]
[BlackElo "2447"]
[PlyCount "77"]
[EventDate "2009.06.17"]
[EventType "tourn (corr)"]
[EventRounds "12"]
[EventCountry "GER"]
[SourceTitle "Telechess CBM 137"]
[Source "ChessBase"]
[SourceDate "2010.07.15"]
[SourceVersion "1"]
[SourceVersionDate "2010.07.15"]
[SourceQuality "1"]

1. e4 c5 2. Nf3 d6 3. d4 cxd4 4. Nxd4 Nf6 5. Nc3 a6 6. f3 Qb6 7. g4 Nc6 8. Nb3 e6 9. Qe2 Qc7 10. Be3 b5 11. 0-0-0 Nd7 12. Qf2 Rb8 13. Kb1 Nce5 14. g5 b4 15. Ne2 Nc4 16. Ned4 Nxe3 17. Qxe3 h6 18. g6 e5 19. gxf7+ Kxf7 20. Nf5 g6 21. Nh4 Be7 22. Qf2 Nf6 23. Rg1 Rg8 24. Bd3 g5 25. Ng2 Be6 26. Qe2 a5 27. Ne3 Rgd8 28. h4 a4 29. hxg5 axb3 30. f4 hxg5 31. fxg5 bxc2+ 32. Bxc2 b3 33. axb3 Rf8 34. Nd5 Bxd5 35. exd5 Ke8 36. gxf6 Bxf6 37. Rdf1 Ra8 38. Qg4 Qa7 39. Bd3 1-0

[Event "LSS WC-2010-T-00006"]
[Site "LSS email"]
[Date "2009.06.12"]
[Round "?"]
[White "Van Seben, Edgar"]
[Black "Hellbing, Bernd"]
[Result "1-0"]
[WhiteElo "2420"]
[BlackElo "2440"]
[PlyCount "81"]
[EventDate "2009.06.17"]
[EventType "tourn (corr)"]
[EventRounds "12"]
[EventCountry "GER"]
[SourceTitle "Telechess CBM 137"]
[Source "ChessBase"]
[SourceDate "2010.07.15"]
[SourceVersion "1"]
[SourceVersionDate "2010.07.15"]
[SourceQuality "1"]

1. d4 e6 2. c4 b6 3. e4 Bb7 4. Bd3 Nc6 5. Ne2 Nb4 6. Nbc3 Nxd3+ 7. Qxd3 Ne7 8. 0-0 d6 9. d5 Ng6 10. Nd4 Qd7 11. dxe6 fxe6 12. Qh3 Bc8 13. Ncb5 c6 14. Qxe6+ Qxe6 15. Nc7+ Ke7 16. Bg5+ Qf6 17. Bxf6+ Kd7 18. Nxa8 gxf6 19. a4 Bb7 20. a5 b5 21. Nb6+ axb6 22. axb6 c5 23. Ra7 cxd4 24. Rxb7+ Kc6 25. Rb8 b4 26. Rd1 Bg7 27. Rxh8 Bxh8 28. Rxd4 f5 29. b7 Kxb7 30. Rxd6 fxe4 31. c5 Bxb2 32. Rb6+ Kc7 33. Rxb4 Ba3 34. Rxe4 Bxc5 35. g3 Kd6 36. Kg2 Kd5 37. Re2 Bd6 38. Rd2+ Ke6 39. f4 Nxf4+ 40. gxf4 Bxf4 41. Ra2 1-0

[Event "LSS WC-2008-F-00001"]
[Site "LSS email"]
[Date "2008.11.12"]
[Round "?"]
[White "Hellbing, Bernd"]
[Black "Makovsky, Petr"]
[Result "0-1"]
[WhiteElo "2504"]
[BlackElo "2491"]
[PlyCount "90"]
[EventDate "2008.11.12"]
[EventType "tourn (corr)"]
[EventRounds "10"]
[EventCountry "GER"]
[SourceTitle "Corr 2011"]
[Source "ChessBase"]
[SourceDate "2010.08.31"]
[SourceVersion "1"]
[SourceVersionDate "2010.08.31"]
[SourceQuality "1"]

1. c4 e5 2. g3 Nf6 3. Bg2 d5 4. cxd5 Nxd5 5. Nc3 Nb6 6. d3 Be7 7. Be3 0-0 8. Qc1 Re8 9. Nf3 Nc6 10. 0-0 Bf8 11. Ng5 Nd4 12. f4 h6 13. Nf3 Nd5 14. Bxd4 exd4 15. Nxd5 Qxd5 16. Ne5 Qd8 17. a4 c6 18. a5 a6 19. Ra4 Be6 20. Qc2 Rc8 21. Rc1 h5 22. h4 g6 23. Re1 Kg7 24. Kh2 f6 25. Nf3 c5 26. Nd2 g5 27. Ne4 gxf4 28. gxf4 Qd7 29. Rf1 Bg4 30. Rf2 f5 31. Ng5 Rc7 32. Qb3 Re3 33. Bd5 Qd6 34. Ra1 Be7 35. Ne6+ Rxe6 36. Bxe6 Bxh4 37. Rg2 Re7 38. Bd5 Bg5 39. Rf1 Bxf4+ 40. Kh1 Qh6 41. Qb6 Qxb6 42. axb6 Bg5 43. Rxf5 Bxf5 44. Rxg5+ Kf6 45. Rxh5 Bg4 0-1

[Event "LSS CP-2008-P-00047"]
[Site "LSS email"]
[Date "2008.10.01"]
[Round "?"]
[White "Iacobitz, Lucian Valentin"]
[Black "Hellbing, Bernd"]
[Result "0-1"]
[WhiteElo "2042"]
[BlackElo "2504"]
[PlyCount "110"]
[EventDate "2008.10.01"]
[EventType "tourn (corr)"]
[EventRounds "6"]
[EventCountry "GER"]
[SourceTitle "Corr 2011"]
[Source "ChessBase"]
[SourceDate "2010.08.31"]
[SourceVersion "1"]
[SourceVersionDate "2010.08.31"]
[SourceQuality "1"]

1. d4 e6 2. c4 b6 3. e4 Bb7 4. Bd3 Nc6 5. Nf3 Nb4 6. Nc3 Nxd3+ 7. Qxd3 Bb4 8. 0-0 Bxc3 9. bxc3 Ne7 10. Re1 0-0 11. a4 a5 12. e5 Ng6 13. Bg5 Qc8 14. Rab1 h6 15. Bc1 Rd8 16. Ba3 Bc6 17. Qd1 Qb7 18. c5 Bxf3 19. gxf3 Qd5 20. cxb6 cxb6 21. Re4 Rdc8 22. Rb5 Qc6 23. Bb2 Ne7 24. Rg4 Nd5 25. Qd2 Kh8 26. Rh4 Kh7 27. Rg4 Qc4 28. Qc2+ Kg8 29. Ba1 Rc6 30. Qd2 h5 31. Rh4 Qxa4 32. Rb1 g6 33. Kh1 Qa3 34. Rxh5 Qf8 35. Rh4 Rac8 36. Qg5 a4 37. Rh3 Qg7 38. Qd2 a3 39. f4 f5 40. Rb3 Qe7 41. Rb1 Ra8 42. Rg1 Qg7 43. Rh4 b5 44. Qd3 a2 45. Qh3 Rac8 46. Rh6 Ne7 47. d5 exd5 48. Rh4 d4 49. cxd4 Rc1 50. Qa3 Rxg1+ 51. Kxg1 g5 52. Rh3 gxf4+ 53. Kf1 Qg4 54. Rf3 b4 55. Qb3+ Kg7 0-1

[Event "LSS CP-2008-P-00047"]
[Site "LSS email"]
[Date "2008.10.01"]
[Round "?"]
[White "Peroutik, Jiri"]
[Black "Hellbing, Bernd"]
[Result "0-1"]
[WhiteElo "1103"]
[BlackElo "2518"]
[PlyCount "30"]
[EventDate "2008.10.01"]
[EventType "tourn (corr)"]
[EventRounds "6"]
[EventCountry "GER"]
[SourceTitle "Corr 2013"]
[Source "ChessBase"]
[SourceDate "2012.11.12"]
[SourceVersion "1"]
[SourceVersionDate "2012.11.12"]
[SourceQuality "1"]
[WhiteTeam "US of America"]
[BlackTeam "US of America"]
[WhiteTeamCountry "USA"]
[BlackTeamCountry "USA"]

1. e4 c5 2. Nf3 d6 3. d4 cxd4 4. Nxd4 Nf6 5. Nc3 a6 6. Bd3 Nc6 7. Nxc6 bxc6 8. 0-0 g6 9. Re1 Bg7 10. Bd2 0-0 11. Rb1 Qc7 12. Bf4 Be6 13. a3 Nh5 14. Be3 Rfd8 15. Be2 Nf6 0-1

[Event "LSS CP-2004-F-00001"]
[Site "LSS email"]
[Date "2008.07.01"]
[Round "?"]
[White "Hellbing, Bernd"]
[Black "Daus, Peter"]
[Result "0-1"]
[WhiteElo "2518"]
[BlackElo "2393"]
[PlyCount "70"]
[EventDate "2008.06.26"]
[EventType "tourn (corr)"]
[EventRounds "12"]
[EventCountry "GER"]
[SourceTitle "Corr 2011"]
[Source "ChessBase"]
[SourceDate "2010.08.31"]
[SourceVersion "1"]
[SourceVersionDate "2010.08.31"]
[SourceQuality "1"]

1. c4 c5 2. Nc3 Nc6 3. g3 g6 4. Bg2 Bg7 5. a3 a6 6. Rb1 Rb8 7. b4 cxb4 8. axb4 b5 9. c5 a5 10. Ba3 axb4 11. Bxb4 Nh6 12. Qb3 Bb7 13. e4 Nf5 14. Nge2 Nfd4 15. Nxd4 Nxd4 16. Qd1 0-0 17. 0-0 Bc6 18. f4 Ra8 19. Rf2 e6 20. d3 Qc7 21. Qf1 Ra6 22. Rfb2 Rfa8 23. Kh1 Qb7 24. Kg1 f5 25. e5 g5 26. Qf2 Bxg2 27. Qxd4 Bh3 28. Qf2 Kh8 29. fxg5 Bxe5 30. d4 Bg7 31. Rd2 Ra1 32. Rdd1 Rxb1 33. Rxb1 Kg8 34. d5 exd5 35. Ne2 Ra2 0-1

[Event "LSS CP-2004-F-00001"]
[Site "LSS email"]
[Date "2008.07.01"]
[Round "?"]
[White "Hellbing, Bernd"]
[Black "Kosulin, Vladyslav"]
[Result "1/2-1/2"]
[WhiteElo "2474"]
[BlackElo "2422"]
[PlyCount "60"]
[EventDate "2008.06.26"]
[EventType "tourn (corr)"]
[EventRounds "12"]
[EventCountry "GER"]
[SourceTitle "Corr 2011"]
[Source "ChessBase"]
[SourceDate "2010.08.31"]
[SourceVersion "1"]
[SourceVersionDate "2010.08.31"]
[SourceQuality "1"]

1. c4 Nf6 2. Nc3 e5 3. g3 Bb4 4. Bg2 0-0 5. Nf3 Re8 6. 0-0 e4 7. Nd4 Nc6 8. Nc2 Bxc3 9. dxc3 h6 10. Ne3 d6 11. Qc2 a5 12. Rd1 Bd7 13. Nd5 b6 14. Nxf6+ Qxf6 15. Bxe4 Qe6 16. Bh7+ Kh8 17. Bd3 Ne5 18. Be4 Nc6 19. Bf3 Qxc4 20. b3 Qe6 21. Bb2 Re7 22. c4 Rae8 23. Rd2 Ne5 24. Bg2 Bc6 25. Bxe5 Qxe5 26. Bxc6 Qxa1+ 27. Rd1 Qf6 28. Bxe8 Rxe8 29. Kg2 Re7 30. e3 g6 1/2-1/2

[Event "LSS CP-2004-F-00001"]
[Site "LSS email"]
[Date "2008.07.01"]
[Round "?"]
[White "Hellbing, Bernd"]
[Black "Rost, Detlef"]
[Result "1-0"]
[WhiteElo "2510"]
[BlackElo "2440"]
[PlyCount "77"]
[EventDate "2008.06.26"]
[EventType "tourn (corr)"]
[EventRounds "12"]
[EventCountry "GER"]
[SourceTitle "Corr 2011"]
[Source "ChessBase"]
[SourceDate "2010.08.31"]
[SourceVersion "1"]
[SourceVersionDate "2010.08.31"]
[SourceQuality "1"]

1. c4 e6 2. g3 d5 3. Bg2 dxc4 4. Qa4+ Bd7 5. Qxc4 Bc6 6. Nf3 Nf6 7. 0-0 Be7 8. d4 Qd5 9. Qc2 Qe4 10. Qd1 Qf5 11. Nc3 0-0 12. Nh4 Qa5 13. e4 Bb4 14. Bd2 Qb6 15. d5 exd5 16. e5 Nfd7 17. a3 Bxc3 18. Bxc3 Nc5 19. Bd4 Qb5 20. a4 Qb4 21. Nf5 Ne6 22. Bc3 Qc4 23. Ne7+ Kh8 24. Nxd5 Na6 25. Ra3 Rfd8 26. b3 Qc5 27. b4 Qc4 28. Ne3 Rxd1 29. Nxc4 Rad8 30. Bxc6 bxc6 31. Na5 c5 32. b5 Nb8 33. Kg2 R1d3 34. Rc1 h5 35. h4 Kh7 36. Ra2 Kg6 37. Kf1 R8d7 38. Nc4 f5 39. Nb2 1-0

[Event "LSS CP-2004-F-00001"]
[Site "LSS email"]
[Date "2008.07.01"]
[Round "?"]
[White "Kosulin, Vladyslav"]
[Black "Hellbing, Bernd"]
[Result "1/2-1/2"]
[WhiteElo "2418"]
[BlackElo "2388"]
[PlyCount "175"]
[EventDate "2008.06.26"]
[EventType "tourn (corr)"]
[EventRounds "12"]
[EventCountry "GER"]
[SourceTitle "Telechess CBM 141"]
[Source "ChessBase"]
[SourceDate "2011.03.17"]
[SourceVersion "1"]
[SourceVersionDate "2011.03.17"]
[SourceQuality "1"]

1. d4 e6 2. c4 b6 3. a3 Bb7 4. Nc3 f5 5. d5 Bd6 6. Nf3 Nf6 7. g3 0-0 8. Bg2 a5 9. 0-0 Na6 10. Qc2 Nc5 11. Nb5 exd5 12. Nfd4 dxc4 13. Qxc4+ Kh8 14. Nxd6 Bxg2 15. Kxg2 cxd6 16. Bf4 d5 17. Qb5 a4 18. Rac1 Ra5 19. Qb4 Nfe4 20. f3 Na6 21. Qe1 Qf6 22. Qd1 Nec5 23. Bd2 Qxd4 24. Bxa5 Qxd1 25. Rfxd1 bxa5 26. Rxd5 Nb3 27. Rc3 g6 28. Rxd7 Nac5 29. Re7 Kg8 30. Rc7 Ne6 31. R7c4 Rb8 32. Rxa4 Kf7 33. Kf2 Kf6 34. Rac4 Ke5 35. Rc8 Rb5 36. Re3+ Kf6 37. Rc4 Nbc5 38. Rec3 a4 39. Rb4 Ra5 40. Rb6 Ke7 41. Rc1 Ra8 42. Ke3 Rd8 43. Rb5 Re8 44. Rd1 Kf6 45. Rb6 Ke5 46. Kf2 Kf6 47. Rc6 Rb8 48. Rd5 Rb5 49. Rdd6 Ke7 50. Rb6 Ra5 51. Rdc6 Kd7 52. h4 Ra8 53. h5 Rh8 54. Ke3 Re8 55. Rd6+ Ke7 56. hxg6 hxg6 57. Kf2 Rc8 58. Rd1 g5 59. Rb4 Rh8 60. Kg2 Rc8 61. Rd5 Kf6 62. Rc4 Rb8 63. Rb4 Rc8 64. Rb6 Rc7 65. Kf1 Nd7 66. Rb4 Ndc5 67. Rc4 f4 68. Kf2 Rc6 69. Rc3 Rc7 70. Rc4 Rc6 71. gxf4 gxf4 72. Rh5 Ke7 73. Rb4 Kd6 74. Rh6 Ke5 75. Ke1 Rc8 76. Rh7 Rg8 77. Kf2 Rg5 78. Rb8 Kd5 79. Rh1 Kc6 80. Rbh8 Rd5 81. Rc1 Kb6 82. Rb8+ Kc7 83. Rb4 Kd7 84. Rh1 Rd2 85. Ke1 Rd5 86. Rh4 Kc7 87. Rc4 Kd6 88. Rb4 1/2-1/2

[Event "LSS CP-2004-F-00001"]
[Site "LSS email"]
[Date "2008.07.01"]
[Round "?"]
[White "Rost, Detlef"]
[Black "Hellbing, Bernd"]
[Result "1-0"]
[WhiteElo "2436"]
[BlackElo "2518"]
[PlyCount "59"]
[EventDate "2008.06.26"]
[EventType "tourn (corr)"]
[EventRounds "12"]
[EventCountry "GER"]
[SourceTitle "Corr 2011"]
[Source "ChessBase"]
[SourceDate "2010.08.31"]
[SourceVersion "1"]
[SourceVersionDate "2010.08.31"]
[SourceQuality "1"]

1. d4 e6 2. c4 b6 3. e4 Bb7 4. Bd3 Nc6 5. Ne2 Nb4 6. 0-0 Nxd3 7. Qxd3 Ne7 8. Nbc3 d6 9. d5 Qd7 10. f4 g6 11. f5 gxf5 12. Ng3 Ng6 13. exf5 Ne5 14. Qe2 0-0-0 15. Nge4 Be7 16. dxe6 fxe6 17. f6 Bf8 18. Bf4 Nf7 19. Rac1 h5 20. a4 Kb8 21. a5 bxa5 22. Rf2 h4 23. h3 Ba6 24. Nb5 e5 25. Be3 c6 26. Ra1 cxb5 27. Rxa5 Bb7 28. Bxa7+ Kc7 29. Nc3 Bh6 30. Nd5+ 1-0

[Event "IECG WC.2009.T.00002 email"]
[Site "IECG email"]
[Date "2008.04.15"]
[Round "1"]
[White "Hellbing, Bernd"]
[Black "Nadanian, Ashot"]
[Result "1-0"]
[WhiteElo "2471"]
[BlackElo "2295"]
[PlyCount "63"]
[EventDate "2008.04.15"]
[EventType "tourn (corr)"]
[EventRounds "10"]
[SourceTitle "Corr 2024"]
[Source "ChessBase"]
[SourceDate "2023.10.19"]
[SourceVersion "1"]
[SourceVersionDate "2023.10.19"]
[SourceQuality "1"]

1. c4 e6 2. g3 d5 3. Bg2 Nf6 4. Nf3 c5 5. cxd5 exd5 6. d4 Nc6 7. 0-0 Be7 8. Nc3 0-0 9. Bg5 cxd4 10. Nxd4 h6 11. Be3 Re8 12. Qa4 Bd7 13. Rfd1 Bc5 14. Ne6 fxe6 15. Bxc5 b6 16. Ba3 Na5 17. Qb4 Rc8 18. b3 Nc6 19. Qf4 Ne7 20. Rac1 b5 21. Qd2 a5 22. Bb2 b4 23. Na4 Bxa4 24. bxa4 Rxc1 25. Rxc1 Nf5 26. Qd3 Nd6 27. Rc6 Nc4 28. Ba1 Qd7 29. Ra6 Qf7 30. Bxf6 gxf6 31. Qd4 f5 32. Qh4 1-0

[Event "IECG WC.2008.T.00002 email"]
[Site "IECG email"]
[Date "2007.02.02"]
[Round "?"]
[White "Hellbing, Bernd"]
[Black "Chetvertakoff, Valery"]
[Result "1/2-1/2"]
[WhiteElo "2424"]
[BlackElo "2267"]
[PlyCount "83"]
[EventDate "2007.02.02"]
[EventType "tourn (corr)"]
[EventRounds "10"]
[SourceTitle "Corr 2011"]
[Source "ChessBase"]
[SourceDate "2010.08.31"]
[SourceVersion "1"]
[SourceVersionDate "2010.08.31"]
[SourceQuality "1"]

1. c4 e5 2. g3 Nc6 3. Bg2 f5 4. d3 Nf6 5. Nc3 Bb4 6. Bd2 0-0 7. Nf3 d6 8. 0-0 Kh8 9. e3 Be6 10. a3 Bxc3 11. Bxc3 Qe8 12. Nd2 Qf7 13. b4 Rae8 14. f4 Ng4 15. Re1 exf4 16. gxf4 Bd7 17. Qf3 Nd8 18. b5 b6 19. Qg3 Bc8 20. Ra2 Bb7 21. Nf3 Nf6 22. Rf2 Ne6 23. Ng5 Nxg5 24. fxg5 Nh5 25. Qh4 Bxg2 26. Kxg2 Kg8 27. e4 g6 28. Ref1 f4 29. Rf3 a6 30. a4 axb5 31. axb5 Ra8 32. Qg4 Ra2+ 33. R1f2 Rxf2+ 34. Kxf2 Qe7 35. Kg2 Ra8 36. Bb2 Qf7 37. Rf2 Rf8 38. Kf3 Qe8 39. Bd4 Ng7 40. Kg2 Nh5 41. Kf3 Ng7 42. Ra2 1/2-1/2